A TEXT BOOK OF MODERN ZOOLOGY (VOL-II) (Record no. 16155)
[ view plain ]
| 000 -LEADER | |
|---|---|
| fixed length control field | 00453cam a2200181ua 4500 |
| 008 - FIXED-LENGTH DATA ELEMENTS--GENERAL INFORMATION | |
| fixed length control field | 060101n II |||gr||||Z||||||eng |
| 040 ## - CATALOGING SOURCE | |
| Original cataloging agency | MAIN |
| 041 ## - LANGUAGE CODE | |
| -- | English |
| 082 ## - DEWEY DECIMAL CLASSIFICATION NUMBER | |
| Classification number | 590 DEK |
| 100 ## - MAIN ENTRY--PERSONAL NAME | |
| Personal name | DEKA , TARINI CHARAN . |
| 245 ## - TITLE STATEMENT | |
| Title | A TEXT BOOK OF MODERN ZOOLOGY (VOL-II) |
| 260 ## - PUBLICATION, DISTRIBUTION, ETC. | |
| Place of publication, distribution, etc. | GUWAHATI: |
| Name of publisher, distributor, etc. | ESH PUBLICATION, |
| Date of publication, distribution, etc. | 2010. |
| 300 ## - PHYSICAL DESCRIPTION | |
| Extent | 648: |
| Dimensions | 23CM. |
| 700 ## - ADDED ENTRY--PERSONAL NAME | |
| Personal name | DAS , MAITREYEE . |
| 942 ## - ADDED ENTRY ELEMENTS (KOHA) | |
| Koha item type | Books |
| 653 ## - INDEX TERM--UNCONTROLLED | |
| Uncontrolled term | Animals (Zoology) |
| Withdrawn status | Lost status | Damaged status | Not for loan | Collection code | Home library | Current library | Shelving location | Date acquired | Full call number | Barcode | Date last seen | Copy number | Price effective from | Koha item type | Public note |
|---|---|---|---|---|---|---|---|---|---|---|---|---|---|---|---|
| TBZOO | Central Library and Information Centre Sibsagar Girls College | Central Library and Information Centre Sibsagar Girls College | ZOOLOGY BOOK RACK | 23.02.2010 | 590 DEK | 24882 | 27.02.2020 | 1 | 27.02.2020 | Books | V |